Glencoe mathematics : (Record no. 16751)

000 -LEADER
fixed length control field 00734cam a2200253Ia 4500
020 ## - INTERNATIONAL STANDARD BOOK NUMBER
ISBN 0028330536 (Course 1)
020 ## - INTERNATIONAL STANDARD BOOK NUMBER
ISBN 9780028330532 (Course 1)
020 ## - INTERNATIONAL STANDARD BOOK NUMBER
ISBN 0028330544 (Course 2)
020 ## - INTERNATIONAL STANDARD BOOK NUMBER
ISBN 9780028330549 (Course 2)
020 ## - INTERNATIONAL STANDARD BOOK NUMBER
ISBN 0028330552 (Course 3)
020 ## - INTERNATIONAL STANDARD BOOK NUMBER
ISBN 9780028330556 (Course 3)
040 ## - CATALOGING SOURCE
Transcribing agency PRC
082 ## - DEWEY DECIMAL CLASSIFICATION NUMBER
Classification number 510 GLE 1999 A111 Or.
245 00 - TITLE STATEMENT
Title Glencoe mathematics :
Remainder of title applications and connections /
246 30 - VARYING FORM OF TITLE
Title proper/short title Mathematics
250 ## - EDITION STATEMENT
Edition statement Teacher's wraparound ed.
260 ## - PUBLICATION, DISTRIBUTION, ETC. (IMPRINT)
Place of publication New York, N.Y. :
Name of publisher Glencoe/McGraw-Hill,
Year of publication c1999.
300 ## - PHYSICAL DESCRIPTION
Number of Pages 3 v. :
Other physical details ill. ;
Dimensions 28 cm.
650 #0 - SUBJECT ADDED ENTRY--TOPICAL TERM
Topical Term Mathematics.
650 #0 - SUBJECT ADDED ENTRY--TOPICAL TERM
Topical Term Mathematics
700 1# - ADDED ENTRY--PERSONAL NAME
Personal name McClain, Kay,
710 2# - ADDED ENTRY--CORPORATE NAME
Corporate name or jurisdiction name as entry element Glencoe/McGraw-Hill.
942 ## - ADDED ENTRY ELEMENTS (KOHA)
Koha item type សៀវភៅភាសាអង់គ្លេស

No items available.

មជ្ឈមណ្ឌលឯការនៃសាកលវិទ្យាល័យភូមិន្ទកសិកម្មចំការដូង

Powered by Koha